Taylor Swift - Red (Taylor‘s Version) - Statistiken

Allgemein
  • Dieses Quiz wurde 202 mal gespielt
  • Das Durchschnittsergebnis liegt bei 18 aus 30
Antwortstatistiken
Nein Track % Korrekt
2 Red
97%
6 22
93%
5 All Too Well
87%
30 All Too Well (10 Minute Version)
87%
8 We Are Never Ever Getting Back Together
86%
4 I Knew You Were Trouble
84%
1 State Of Grace
70%
20 State Of Grace
70%
25 Message In A Bottle
63%
9 Stay Stay Stay
62%
11 Holy Ground
61%
21 Ronan
61%
16 Begin Again
59%
14 Everything Has Changed
58%
28 Run
58%
17 The Moment I Knew
58%
18 Come Back.. Be Here
54%
24 Babe
52%
27 Forever Winter
51%
10 The Last Time
51%
19 Girl At Home
50%
23 Nothing New
50%
15 Starlight
50%
22 Better Man
49%
13 The Lucky One
49%
3 Treacherous
49%
7 I Almost Do
48%
26 I Bet You Think About Me
46%
29 The Very First Night
46%
12 Sad Beautiful Tragic
44%
Keine übereinstimmenden Quizze gefunden
Verteilung der Resultate
Anzahl Personen mit jedem Resultat
Perzentil nach korrekt beantworteten Fragen
Ihre Resultats-Entwicklung
Sie haben dieses Quiz noch nicht gespielt